| 000 | 00383nam a2200157Ia 4500 | ||
|---|---|---|---|
| 008 | 230917s9999||||xx |||||||||||||| ||und|| | ||
| 040 |
_e28886 _aMAIN |
||
| 041 | _aEnglish | ||
| 082 | _a005.74 D262I | ||
| 100 | _aDate, C J | ||
| 245 | 0 | _aIntroduction to database systems | |
| 250 | _a6th ed. | ||
| 260 |
_aReading _bAddison-Wesley _c1995 |
||
| 300 | _axxiii, 839 p. | ||
| 942 | _cBK | ||
| 999 |
_c92172 _d92172 |
||